PMMONITORING rendszer adatértékelésének tapasztalatai [absztrakt] /

Elmentve itt :
Bibliográfiai részletek
Szerző: Uramné Lantai Katalin
Testületi szerző: XVI. Magyar Aeroszol Konferencia
Dokumentumtípus: Könyv része
Megjelent: 2024
Sorozat:Magyar Aeroszol Konferencia 16
Kulcsszavak:Aeroszol - mérés - Miskolc - előadáskivonat, Levegőszennyeződés mérése - Miskolc - előadáskivonat
Tárgyszavak:
doi:10.14232/MAK.2024.13

Online Access:http://acta.bibl.u-szeged.hu/84805
LEADER 00982naa a2200229 i 4500
001 acta84805
005 20240430140911.0
008 240430s2024 hu o 100 hun d
024 7 |a 10.14232/MAK.2024.13  |2 doi 
040 |a SZTE Egyetemi Kiadványok Repozitórium  |b hun 
041 |a hun 
100 2 |a Uramné Lantai Katalin 
245 1 0 |a PMMONITORING rendszer adatértékelésének tapasztalatai   |h [elektronikus dokumentum] :  |b [absztrakt] /  |c  Uramné Lantai Katalin 
260 |c 2024 
300 |a 13 
490 0 |a Magyar Aeroszol Konferencia  |v 16 
650 4 |a Természettudományok 
650 4 |a Kémiai tudományok 
650 4 |a Föld- és kapcsolódó környezettudományok 
695 |a Aeroszol - mérés - Miskolc - előadáskivonat, Levegőszennyeződés mérése - Miskolc - előadáskivonat 
711 |a XVI. Magyar Aeroszol Konferencia  |c Szarvas  |d 2024. április 25-27. 
856 4 0 |u http://acta.bibl.u-szeged.hu/84805/1/2024_magyar_aeroszol_konferencia_013.pdf  |z Dokumentum-elérés